00482nam a2200193Ia 4500008004100000020001800041050001400059100001400073245001600087245004200103245004400145260001500189260001600204260000900220300001400229300002700243300001000270500000800280170918s9999 xx 000 0 und d a9780590440691 bY711 1989 aYoung, Ed aLon Po Po : ba red-ridding hood story from China / ctranslated and illustrated by Ed Young. aNew York : bScholastic, c1989 aunpaged : bcolored illustration ; c25cm. a670